Hazbin Hotel - Stayed Gone Lyrics - Statistics

General Stats
  • This quiz has been taken 1,184 times
  • The average score is 320 of 424
Answer Stats
Hint Answer % Correct
I
98%
Vox: That
97%
that
97%
that,
97%
that!
97%
gone
96%
a
95%
fuck
95%
Vox: Fuck!
95%
he
95%
He
95%
Valentino: | Vox: You
95%
you
95%
you!
95%
you,
95%
back!
94%
back
94%
be
94%
is
94%
Alastor: Is
94%
to
94%
stayed
92%
on!
91%
on
91%
the
91%
I'm
90%
wish
90%
been
89%
been?
89%
fucker
89%
gonna
89%
it
89%
make
89%
Welcome
89%
for
88%
in
88%
Vox: It's
88%
it's
88%
its
88%
Say
88%
say
88%
good
87%
Good
87%
hell
87%
no,
87%
TV
87%
Who
87%
home
86%
me
86%
new
85%
quo
85%
show
85%
status
85%
time?
85%
time
85%
beat
84%
know
83%
now
83%
Now
83%
seven
83%
Turn
83%
was
83%
hello
82%
of
82%
since
82%
Since
82%
thought
82%
years!
82%
Valentino: That's
81%
town
81%
still
80%
your
80%
and
78%
And
78%
Alastor Every
78%
Valentino: Just
78%
Radio
78%
radio,
78%
Valentino: Yeah,
78%
He's
77%
he's
77%
Vox: Things
77%
things
77%
Demon
76%
demon
76%
Vox: Oh,
76%
So,
76%
too
76%
What
76%
you'd
76%
has
75%
have
75%
his
75%
pissed
75%
saying
75%
sure
75%
Vox: Uh,
75%
around
74%
around?
74%
as
74%
brand
74%
does
74%
got
74%
shit?!
74%
shit
74%
Vox: While
74%
while
74%
almost
73%
this
73%
changed
72%
dawn
72%
left
72%
really
72%
with
72%
charge
71%
lot
71%
mean
71%
Why
71%
family?
70%
gives
70%
video
70%
who's
70%
but
69%
don't
69%
Don't
69%
Everyone
69%
rare
69%
Vox
69%
bloody
68%
Vox: Come
68%
coward!
68%
two
68%
will
68%
day
67%
day,
67%
he'd
67%
He'd
67%
him?
67%
him
67%
Alastor: Salutations!
67%
tea!
67%
three,
67%
Vox: Top
67%
hour
66%
Vees
66%
Well
66%
away!
65%
fun!
65%
getting
65%
hanging
65%
join
65%
knows
65%
loser,
65%
medium
65%
style
65%
there's
65%
voice!
65%
Where's
65%
asked
64%
better
64%
fossil!
64%
I'll
64%
I've
64%
said
64%
sound
64%
team!
64%
When
64%
without
64%
cream
63%
hid
63%
hostile
63%
Let's
63%
news
63%
other
63%
powerless
63%
someone
63%
split
63%
sugar
63%
you've
63%
buffering!
62%
certain
62%
Hell's
62%
I'd
62%
listen
62%
lost
62%
we're
62%
before
61%
done,
61%
had
61%
message
61%
signal
61%
afraid
60%
begin
60%
here's
60%
run
60%
send
60%
word
60%
comes
59%
format!
59%
pissy
59%
Sinners,
59%
support?
59%
destroy
58%
hope
58%
nice
58%
Or
58%
please!
58%
should've
58%
strong
58%
vacay,
58%
at
57%
discussing
57%
future,
57%
race
57%
treated
57%
Tune
57%
Vox: You're
57%
based
56%
can
56%
Did
56%
pivoted
56%
spotted
56%
broadcast
55%
dated
55%
has-been
55%
my
55%
miss
54%
podcast
54%
prick,
54%
suffering
54%
take
54%
Yes,
54%
audible
53%
Impossible
53%
viewers?
53%
anybody
52%
barely
52%
More
52%
rejoice!
52%
Alastor: Instead
51%
looking
51%
program
51%
tonight's
51%
gospel
50%
insecure,
50%
notice?
50%
visual,
50%
gotta
49%
Vox: Hold
47%
nothing
47%
working?
47%
Vox: After
46%
giving
46%
Vox: Ignore
46%
on the air
46%
Stop
46%
we've
46%
Staff: Rolling
45%
mediocre
44%
absence
43%
chirping!
43%
Alastor: Uh-oh,
43%
old-timey
41%
allure?
40%
pursuing
38%
cavorting
37%
clout-chasing
37%
seven-year
36%
handily,
35%
Pulling
34%
purports?
34%
between
33%
fad
29%
little-
27%
Fitting
12%
No matching quizzes found
Score Distribution
Percent of People with Each Score
Percentile by Number Answered
Your Score History
You have not taken this quiz